000 01056nam2a22002531 4500
001 RU\NLR\A1SV\131596
005 20260225112254.1
035 _a(NLR Aleph) 010554206
090 _a13490552
_c13490552
100 _a20141124d1921 u y0rusy50 ca
101 0 _arus
200 1 _aПереписка Александра Ивановича Тургенева с кн. Петром Андреевичем Вяземским
_hТ.1
_i1814-1833 годы
_fПод ред. и с прим. Н.К.Кульмана
210 _d1921
215 _a542 с.
461 1 _1001RU\NLR\A1SV\131594
_12000#$vВып.6
_910351017
_d1911-1921
_p256 с.
_tАрхив братьев Тургеневых
_vВып.6
702 1 _aТургенев
_bА. И.
_f1784-1845
_gАлександр Иванович
702 1 _aВяземский
_bП. А.
_f1792-1878
_gПетр Андреевич
702 1 _aКульман
_bН. К.
_f1871-1940
_gНиколай Карлович
801 0 _aRU
_bNLR
_c20141124
852 _aNLR
942 _cBOOK
980 _aA1SV
980 _aNB